000 00676cam a22001934a 4500
001 12080727
005 20241213112947.0
008 000626s2000 ilubd b 001 0 eng
020 _a0830814191 (cloth : alk. paper)
050 0 0 _aBS1151.2
_b.W35 2000
082 0 0 _a221.7
_221
100 1 _aWalton, John H.,
_d1952-
245 1 4 _aThe IVP Bible background commentary :
_bOld Testament /
_cJohn H. Walton, Victor H. Matthews, & Mark W. Chavalas.
260 _aDowners Grove, Ill. :
_bInterVarsity Press,
_cc2000.
300 _a832 p. :
_bcharts, maps ;
_c23 cm.
700 1 _aMatthews, Victor Harold.
700 1 _aChavalas, Mark W.
_q(Mark William),
_d1954-
942 _2lcc
_cBK
_n0
999 _c2136
_d2136